000
00359nam a2200145Ia 4500
008
090124s9999 xx 000 0 und d
082
_b
34103
245
_a
बहुजन
250
_a
1
260
_b
लिंबाळे शरणकुमार
_c
2007
300
_a
216
630
_a
बहुजन
730
_a
बहुजन
942
_c
BOOK
999
_c
196755
_d
196755